| 000 | 00659nam a2200205 a 4500 | ||
|---|---|---|---|
| 005 | 20210219150558.0 | ||
| 008 | 991125s1989 mx 000 0 spa u | ||
| 020 | _a9687009209 | ||
| 035 | _aUPN01000017061 | ||
| 049 | _aCG | ||
| 050 | 4 |
_aND353 P5 _bO7.3 |
|
| 100 | 1 | _aOrtiz Macedo, Luis | |
| 245 | 1 | 0 |
_aEdouard Pingret : _bun pintor romántico francés que retrató el México del mediar del siglo XIX / _cLuis Ortiz Macedo |
| 260 |
_aMéxico : _bFomento Cultural Banamex, _c1989. |
||
| 300 |
_axiii, 160 p. : _bil. col. |
||
| 600 | 1 | 4 |
_aPINGRET, EDOUARD H. T., _d1788-1875 |
| 650 | 4 | _aPINTORES FRANCESES | |
| 650 | 4 |
_aPINTURAS - _zMEXICO |
|
| 905 | _aLibro | ||
| 999 |
_c17061 _d17061 |
||